100 największych miast w Nowej Zelandii z mapą - Statystyki

Ogólne statystyki
  • Ten quiz został rozwiązany 734 razy
  • Średni wynik to 14 z 100
Odpowiedzi na mapie
Odpowiedzi zakodowano w zielono-czerwonej skali na mapie do tego quizu, zgodnie z poniższymi procentami.
 
Statystyki odpowiedzi
Populacja Miasto % Poprawnych
212 000 Wellington
97%
1 523 940 Auckland
85%
403 200 Christchurch
55%
191 290 Hamilton
28%
118 980 Dunedin
26%
70 240 Nelson
20%
162 950 Tauranga
19%
67 270 Napier
18%
23 920 Queenstown
18%
60 220 New Plymouth
17%
63 080 Rotorua
17%
37 700 Gisborne
16%
49 800 Invercargill
16%
111 500 Lower Hutt
16%
56 640 Whangārei
16%
70 820 Hastings
15%
85 550 Palmerston North
14%
27 240 Taupō
14%
12 150 Wānaka
14%
20 600 Ashburton
13%
21 600 Cambridge
13%
9 940 Gore
13%
9 560 Greymouth
13%
11 750 Hāwera
13%
20 800 Levin
13%
13 900 Oamaru
13%
44 800 Upper Hutt
13%
42 600 Whanganui
13%
33 350 Blenheim
12%
7 010 Cromwell
12%
5 540 Foxton
12%
3 150 Hokitika
12%
45 930 Kapiti
12%
8 260 Kerikeri
12%
9 180 Lincoln
12%
5 570 Marton
12%
22 400 Masterton
12%
7 160 Ōtaki
12%
4 800 Picton
12%
60 200 Porirua
12%
6 090 Alexandra
11%
5 930 Carterton
11%
17 800 Feilding
11%
9 000 Huntly
11%
3 830 Inglewood
11%
8 700 Matamata
11%
9 170 Motueka
11%
19 700 Rangiora
11%
28 000 Rolleston
11%
6 130 Stratford
11%
28 600 Timaru
11%
6 610 Warkworth
11%
19 990 Whakatāne
11%
4 300 Balclutha
10%
5 650 Dannevirke
10%
5 240 Dargaville
10%
4 450 Helensville
10%
4 900 Kaikohe
10%
6 340 Kaitāia
10%
5 530 Katikati
10%
7 760 Kawerau
10%
8 520 Morrinsville
10%
5 350 Ōpōtiki
10%
4 630 Paeroa
10%
2 810 Pahiatua
10%
3 820 Raglan
10%
2 970 Te Ānau
10%
16 850 Te Awamutu
10%
10 250 Te Puke
10%
7 680 Thames
10%
14 500 Tokoroa
10%
3 810 Tūrangi
10%
5 820 Waihī
10%
4 960 Wairoa
10%
7 310 Waitara
10%
9 720 Waiuku
10%
4 630 Westport
10%
3 090 Arrowtown
9%
3 120 Darfield
9%
2 820 Geraldine
9%
3 570 Kawakawa
9%
4 000 Mangawhai Heads
9%
5 770 One Tree Point
9%
3 310 Ōtorohanga
9%
2 970 Paihia
9%
5 060 Pōkeno
9%
33 700 Pukekohe
9%
4 610 Putāruru
9%
4 840 Taumarunui
9%
4 670 Te Aroha
9%
4 670 Te Kūiti
9%
4 660 Temuka
9%
8 750 Waiheke
9%
3 600 Waimate
9%
4 730 Waipukurau
9%
4 540 Whangamatā
9%
6 420 Whitianga
9%
7 030 Woodend
9%
5 500 Snells Beach
8%
3 660 Waihī Beach
8%
Nie znaleziono quizów pasujących do podanych kryteriów
Rozkład punktacji
Procent ludzi z każdym wynikiem
Percentyl według liczby udzielonych odpowiedzi
Twoja historia wyników
Nie rozwiązałeś tego quizu